000 00644nam a2200193 ar4500
001 1288
005 20221127090204.0
008 090518s gw a 00010|eng d
020 _a9783981253214(hpb) :
_cNo price.
082 0 4 _a401.4
_bV673 2008
100 1 _aVielberth, Johann.
245 1 4 _aThe KOD system :
_bcurrent stage of development /
_cJ. Vielberth.
260 _aRegensburg, Germany :
_bInstitute for Development and Research,
_c2008.
300 _a125 p. :
_bill. ;
_c22 cm.
504 _aIncludes bibl. references.
650 4 _aInternational communication.
650 4 _aLanguage and languages.
650 4 _aLinguistics
_xPhilosophy.
999 _c1287
_d1287